00469nam a2200133Ia 4500008004100000082001500041100001800056245004200074260004900116300000900165942001200174999001900186952013000205210430s9999 xx 000 0 und d a519 B945 N aBurden Faires aNumerical Analysis 5thcBurden Faires aKent publishing companybPrindle Weberc2010 a768p cBK2ddc c561806d561806 001040708NFICaSCMEbSCMEcGENd0008-03-11l2m2o519 B945 NpSCME-641q2025-06-12r2024-10-03s2024-10-03w2021-04-30yBK